000 00648am a2200241a 44500
003 AR-BaBNM
005 20251128210320.0
008 189119s1974 #AR|||||||||||000 | spa||
040 _cAR-BaBNM
100 1 _aRandle, Patricio H.
245 1 0 _aLa universidad en ruinas
260 _aBuenos Aires
_bAlmena
_c1974
300 _a182 p.
610 2 4 _aUniversidad de Buenos Aires
650 4 _aUNIVERSIDADES
650 4 _aCRISIS DE LA EDUCACION
650 4 _aESTUDIANTES UNIVERSITARIOS
650 4 _aPAPEL DE LA UNIVERSIDAD
650 4 _aPROGRAMAS DE INVESTIGACION
653 _aPOLITICAS UNIVERSITARIAS
942 _cBK
998 _cRaquel
999 _c14917
_d14917